000 01056cab a22002535a 4500
001 L147142
008 090406e20090328xxk f v 000 0 eng d
035 _a(Sirsi) u147142
041 0 _aeng
100 1 _aTurner, Cara
245 0 0 _aDon't jump the gun
260 _c2009
490 0 _aEstates Gazette
_v(0912) 28 March 2009, 94095(2)
520 _aA 'mainly for students' article which provides an overview of the potential pitfalls of varying a lease and explains how such problems can be avoided. Explores the types of lease variation which could be deemed to constitute a surrender and regrant. Highlights the issues facing landlords and tenants when the lease is varied in this way.
590 _aKA
650 2 4 _aFRIENDS PROVIDENT LIFE OFFICE V BRITISH RAILWAYS BOARD
650 2 4 _aBAKER V MERCKEL
650 2 4 _aCROWLEY V VITTY
650 2 4 _aHOLME V BRUNSKILL
651 4 _aEngland and Wales
_y1543-
690 _aPROPERTY-COMMERCIAL PROPERTY-COMMERCIAL LANDLORD AND TENANT-COMMERCIAL LEASES
700 1 _aPayne, Gillian
942 _n0
999 _c81406
_d81406